Quiz de culture générale #4 - Alex H. - Statistiques

Statistiques générales
  • Ce quiz a été pris 299 fois
    261 depuis la dernière actualisation
  • Le résultat moyen est 9 sur 20
Statistiques - réponses
Hint Réponse % Correct
Combien de dents possède un être humain adulte ? 32
95%
Sur quel continent se situe le lac Titicaca ? Amérique du Sud
84%
De quel pays Varsovie est elle la capitale ? Pologne
83%
De quelle planète du système solaire Titan est-elle une lune ? Saturne
82%
Qui a été le premier super héros ? Superman
77%
Pouvez vous citer 1 des 5 quartiers de New York ? Manhattan / Brooklyn / Queens / Bronx / Staten Island
74%
Sur quel continent se situe Antigua-et-Barbuda ? Amérique du Nord
73%
Qui à écrit le Seigneur des Anneaux et le Hobbit? John Ronald Reuel Tolkien
56%
De quelle matière sont fait les toiles d'araignées ? Soie
49%
Quel est l'arbre le plus grand du monde ? Séquoia
40%
Quel groupe possède le titre September ? Earth, Wind and Fire
39%
Quel est le nom des statues présentes sur l'île de Pâques ? Moaï
24%
Quel est le pays où il y a le plus de précipitations ? Inde
22%
Quel est le nom du premier film Star Wars à être sorti ? Un Nouvel Espoir
20%
Quelle expression se popularise depuis 2010 pour dire que tout va bien, que tout est clair ? C'est carré
18%
Quel est le nom complet du premier épisode de Star Wars ? La Menace Fantôme
17%
En quelle année se produira un bug informatique mondial concernant l'heure ? 2038
11%
Quel est le titre de Daft Punk le plus recherché et écouté ? Stronger
10%
Quelle est l'unité de mesure de l'induction magnétique ? Tesla
7%
Quel est le nom de la couche de l'atmosphère la plus éloignée de la Terre ? Exosphère
6%
Aucun quiz correspondant
Distribution des résultats
% des personnes avec chaque résultat
Percentile par nombre de réponses
Votre historique - résultats
Vous n’avez pas pris ce quiz depuis la dernière actualisation